|
|
|
|
| LEADER |
00000nam a2200000 a 4500 |
| 001 |
vtls010347691 |
| 003 |
SK-MaSNL |
| 005 |
20260301032523.0 |
| 008 |
240314s2016 xo l e f 000 0 slo |
| 015 |
|
|
|a SNBA2012/04-02171
|
| 020 |
|
|
|a 8096962817
|q (brož.)
|
| 035 |
|
|
|a BC53E72D-3596-4D89-AA90-73A3E435D034
|
| 035 |
|
|
|a urn:nbn:sk:snk-amjk57
|
| 035 |
|
|
|a urn:nbn:sk:snk-am001123
|
| 040 |
|
|
|a SNK
|b slo
|c SNK
|e AACR2
|
| 041 |
0 |
|
|a slo
|
| 044 |
|
|
|a xo
|c SK
|
| 072 |
|
7 |
|a 316.4/.7
|x Sociálne interakcie
|2 konspekt
|
| 080 |
|
|
|a 373.3.011.3-052
|2 2001
|
| 080 |
|
|
|a 316.77
|2 2001
|
| 080 |
|
|
|a (072)
|2 2001
|
| 100 |
1 |
|
|a Dobeš, Marek,
|d 1974-
|4 aut
|9 157029
|
| 245 |
1 |
0 |
|a Akí sme?
|b program na rozvoj sociálnych kompetencií žiakov
|c Marek Dobeš, Denisa Fedáková a kolektív
|
| 250 |
|
|
|a 1. vyd.
|
| 260 |
|
|
|a Košice
|b Spoločenskovedný ústav SAV
|c 2006
|
| 300 |
|
|
|a 161 s.
|b tab.
|c 21 cm
|
| 500 |
|
|
|a Názov z obalu
|
| 500 |
|
|
|a Publikácia vyšla ako súčasť projektu APVT - 51 - 049502
|
| 650 |
0 |
7 |
|a žiaci
|2 SNKPH
|9 16621
|
| 650 |
0 |
7 |
|a Learners
|2 SNKPHeng
|9 275930
|
| 650 |
0 |
7 |
|a Communication
|2 SNKPHeng
|9 265705
|
| 650 |
0 |
7 |
|a sociálna komunikácia
|2 SNKPH
|9 1396
|
| 655 |
|
7 |
|a metodické príručky
|2 SNKPH
|9 70250
|
| 655 |
|
7 |
|a Methodological manuals
|2 SNKPHeng
|9 270866
|
| 700 |
1 |
|
|a Fedáková, Denisa,
|d 1975-
|4 aut
|9 237817
|
| 919 |
|
|
|a 80-969628-1-7
|
| 968 |
|
|
|d 30/31
|
| 999 |
|
|
|c 578549
|d 580479
|
| 952 |
|
|
|a SNK
|b SNK
|y PREZ
|7 0
|p 17A0880314
|o snkSC 148808
|i snk2012/6406
|8 0
|0 0
|1 0
|4 0
|d 2012-03-16
|l 0
|r 2025-07-17 00:00:00
|w 2026-02-23
|
| 952 |
|
|
|a SNK
|b SNK
|y VYP
|7 0
|p 17A0880313
|o snkSC 148808 D1
|i snk2012/6407
|8 0
|0 0
|1 0
|4 0
|d 2012-03-16
|l 0
|r 2026-02-23 14:41:16
|w 2026-02-23
|